000
00325nam a22001217a 4500
040
_c
SK
082
_a
572
100
_a
ជ្រុន រិទ្ធី
245
_a
Food biochemistry I; គីំីំមីជីវៈចំណីអាហារ
260
_a
RUA
_b
ជ្រុន
_c
2011
300
_a
38p.
942
_c
KB
999
_c
9014
_d
9014